Statutory nuisance: success or failure out of a myth? (Record no. 71120)

MARC details
000 -LEADER
fixed length control field 00865cam a2200217 4500
001 - CONTROL NUMBER
control field ABS65855
008 - FIXED-LENGTH DATA ELEMENTS--GENERAL INFORMATION
fixed length control field 020910n2002 000 0 eng u
035 ## - SYSTEM CONTROL NUMBER
System control number (Sirsi) u119643
100 ## - MAIN ENTRY--PERSONAL NAME
Personal name McManus, F.
245 ## - TITLE STATEMENT
Title Statutory nuisance: success or failure out of a myth?
260 ## - PUBLICATION, DISTRIBUTION, ETC.
Date of publication, distribution, etc. 2002
490 ## - SERIES STATEMENT
Series statement Scottish Planning and Environmental Law
Volume/sequential designation (92) August 2002, 83-87(5)
520 ## - SUMMARY, ETC.
Summary, etc. Illustrates problems arising from term "nuisance" in legislation, especially when one employs in an environmental statute a word which is a term of art in private law. Further confusion arises as the distinction in England between public and private law is not recognised in Scotland
590 ## - LOCAL NOTE (RLIN)
Local note ABS
650 ## - SUBJECT ADDED ENTRY--TOPICAL TERM
Topical term or geographic name entry element ENVIRONMENTAL PROTECTION ACT 1990
650 ## - SUBJECT ADDED ENTRY--TOPICAL TERM
Topical term or geographic name entry element NUISANCE
650 ## - SUBJECT ADDED ENTRY--TOPICAL TERM
Topical term or geographic name entry element ROBB V DUNDEE CITY COUNCIL
650 ## - SUBJECT ADDED ENTRY--TOPICAL TERM
Topical term or geographic name entry element SCOTLAND
690 ## - LOCAL SUBJECT ADDED ENTRY--TOPICAL TERM (OCLC, RLIN)
Topical term or geographic name as entry element LAW
942 ## - ADDED ENTRY ELEMENTS (KOHA)
Suppress in OPAC 0

No items available.